000 00404cam a2200169ua 4500
020 _c12.00
041 _aeng
_h
082 _a621.183
_bPUL/Bo
100 _aPull, E .
245 _aBoiler house practice /
_cE.Pull.
_hTextual Documents
260 _aCulcutta :
_bAsia Publishing House ,
_c1962.
300 _a295 ; .
365 _a12.00
504 _a
942 _cBK
999 _c11079
_d11079